| 000 | 00648 a2200241 4500 | ||
|---|---|---|---|
| 005 | 20260209161946.0 | ||
| 008 | 260209b |||||||| |||| 00| 0 eng d | ||
| 020 |
_a9780521146746 _c£ 52.00 |
||
| 040 | _aMAIN | ||
| 082 |
_a578.62 _bR561I |
||
| 100 | _aRobinson, Andrew P | ||
| 245 | _aInvasive Species: Risk assessment and management | ||
| 260 |
_bCambridge University Press _c2017 _aCambridge |
||
| 300 | _axiv, 412 | ||
| 650 | _aInvasive Plants | ||
| 650 | _aBiodiversity Impact | ||
| 650 | _aOrganism | ||
| 650 | _aPests-Control | ||
| 700 | _aWalshe, Terry | ||
| 700 | _aBurgman, Mark A | ||
| 700 | _aNunn, Mike | ||
| 942 | _cBK | ||
| 999 |
_c396027 _d396027 |
||